000 00424nam a2200205Ia 4500
001 11941
003 GE_BSU
008 181216s||||||||xx |||||||||||||| ||und||
020 _a0747258341
040 _cGE_BSU
080 _a821.111-32
100 _aKoontz,Dean
245 _aFalse memory
260 _aLondon
260 _bHeadline
260 _c2000.
300 _a818p;18cm.
653 _aFalse memory
942 _cBK
999 _c45118
_d45118